Представление документа в формате RUSMARC

Поле Инд. ПП Название Значение
Тип записи a
Библиографический уровень a
001 Контрольный номер 52ac7f9e8daa49f5975b2ed3caada3e3
005 Дата корректировки 20240910113602.4
102 a Страна публикации RU
200 1_ a Заглавие Внутриинстанционное разделение полномочий и межинстанционное взаимодействие суда надзорной инстанции
f Первые сведения об ответственности С. И. Князькин
b Общее обозначение материала Текст
203 a Вид содержания Текст : электронный
210 1_ d Дата издания 2014
300 a Общие примечания Чтение статьи доступно в Источнике
330 a Аннотация О совершенствовании структуры суда надзорной инстанции и его процессуального взаимодействия с нижестоящими судами.
336 a Примечание о виде электронного ресурса PDF
461 _0 1 2001
a Российское правосудие
463 _0 1 2001
a №3
v С. 40-47
1 2101
d 2014
606 a Основная рубрика Право. Юридические науки
x Основная подрубрика Гражданское процессуальное право
610 0_ a Ключевые слова СУДЕБНАЯ СИСТЕМА
a Ключевые слова СУД ОБЩЕЙ ЮРИСДИКЦИИ
a Ключевые слова РГУП.
700 _1 a Фамилия Князькин
b Имя С. И.
g Полное личное имя Сергей Игоревич
801 _0 a Страна RU
b Организация РГУП
c Дата составления 20210312
g Правила каталогизации PSBO
901 t Тип документа b
w Контрольный № источника 48e9ac96e6f549e79317d97f31c42835
905 a Дата ввода 20210312
952 k Публикации кафедры Гражданского и административного судопроизводства